Women workers in India : (Record no. 125191)

MARC details
000 -LEADER
fixed length control field 00958nam a22002777a 4500
005 - DATE AND TIME OF LATEST TRANSACTION
control field 20170124105950.0
010 ## - LIBRARY OF CONGRESS CONTROL NUMBER
LC control number A-711639
020 ## - INTERNATIONAL STANDARD BOOK NUMBER
Terms of availability 00.00
International Standard Book Number 817001073
035 ## - SYSTEM CONTROL NUMBER
System control number A-711639
037 ## - SOURCE OF ACQUISITION
Source of stock number/acquisition Cen Lib/Ret
040 ## - CATALOGING SOURCE
Original cataloging agency DPL
Language of cataloging EN
082 ## - DEWEY DECIMAL CLASSIFICATION NUMBER
Classification number 331.40954
Item number KAS
100 ## - MAIN ENTRY--PERSONAL NAME
Personal name Kasturi, Leela
9 (RLIN) 13326
245 ## - TITLE STATEMENT
Title Women workers in India :
Statement of responsibility, etc by Leela Kasturi, Sulabha Brahme [and] Renana Jhabvala; edited by Vina Mazumdar
Remainder of title studies in employment and status /
260 ## - PUBLICATION, DISTRIBUTION, ETC. (IMPRINT)
Place of publication, distribution, etc Delhi
Name of publisher, distributor, etc Chanakya Publications
Date of publication, distribution, etc 1990
270 ## - ADDRESS
Address F10/14, Model Town
City Delhi
Postal code 110009
300 ## - PHYSICAL DESCRIPTION
Extent xv,304p.
Dimensions 22cm(Hb)
490 ## - SERIES STATEMENT
Series statement ICSR programme of women's studies
Volume number/sequential designation 5
500 ## - GENERAL NOTE
General note Includes index
650 ## - SUBJECT ADDED ENTRY--TOPICAL TERM
Topical term or geographic name as entry element Women -- Employment -- India -- Case studies
9 (RLIN) 79899
650 ## - SUBJECT ADDED ENTRY--TOPICAL TERM
Topical term or geographic name as entry element Women -- Employment
9 (RLIN) 7628
700 ## - ADDED ENTRY--PERSONAL NAME
Personal name Brahme, Sulabha
9 (RLIN) 13328
700 ## - ADDED ENTRY--PERSONAL NAME
Personal name Jhabvala, Renana
9 (RLIN) 13329
700 ## - ADDED ENTRY--PERSONAL NAME
Personal name Mazumdar, Vina
9 (RLIN) 13330
942 ## - ADDED ENTRY ELEMENTS (KOHA)
Source of classification or shelving scheme Dewey Decimal Classification
Koha item type English Books
Classification part 331.40954
Call number suffix KAS
Holdings
Withdrawn status Lost status Damaged status Not for loan Home library Current library Date acquired Source of acquisition Cost, normal purchase price Total Checkouts Full call number Barcode Date last seen Copy number Cost, replacement price Price effective from Koha item type
        Central Library Central Library 20/06/2015 Cen Lib/Ret 0.00   331.40954 KAS A-711639 20/06/2015 1 0.00 20/06/2015 English Books

© Delhi Public Library
Hit Counter
free hit counter